=LDR 00000nam 2200000 4500 =001 INLIS000000000041715 =005 20201211022712 =035 ##$$a 0010-061300000041715 =008 201211################g##########0#ind## =041 ##$$a0010-061300000041715 =090 ##$$aaInd =100 1#$$a Suwandi, Iwa =245 1#$$a Seluk liku koperasi karyawan perusahaan /$c Iwa Suwandi =260 ##$$a Jakarta :$b Bhratara karya aksara,$c 1985 =300 ##$$a x, 61 hlm ; $c 21x14 cm =850 ##$$a 1985 $b Jakarta =082 ##$$a 334 =084 ##$$a 334 SUW s =250 ##$$a cet.1 =650 #4$$a Koperasi =990 ##$$a 00087131